00619 2200193 4500001002100000005001500021035002000036008004100056245009600097100002800193260005800221300001900279020002200298084002000320082001000340650004900350250000600399990002000405INLIS00000000000787720260418123823 a0010-0426000065260418 1 ind 1 aThe Case-Book Of Sherlock Holmes :bKoleksi Kasus Sherlock Holmes /cSir Arthur Conan Doyle aDoyle, Sir Arthur Conan aYogyakarta :bCV.Indoliterasi Publishing House,c2026 a298 ;c19 x 13 a978-602-6466-01-3 a823.8 DOY T C.1 a823.8 4aFiksi Inggris periode Victoria (1837–1899) aI a260311300011209